书目信息 |
| 题名: |
油务化验
|
|
| 作者: | 李华文 主编 | |
| 分册: | ||
| 出版信息: | 北京 中国电力出版社 2012.06 |
|
| 页数: | 192页 | |
| 开本: | 26cm | |
| 丛书名: | ||
| 单 册: | ||
| 中图分类: | TE622 | |
| 科图分类: | ||
| 主题词: | 油质化验--技术培训--教材 , 油质化验 | |
| 电子资源: | ||
| ISBN: | 978-7-5123-2820-4 | |
| 000 | 00890nam0 2200265 450 | |
| 001 | 005537315 | |
| 005 | 20130627093508.84 | |
| 010 | @a978-7-5123-2820-4@dCNY40.00 | |
| 100 | @a20120726d2012 em y0chiy0110 ea | |
| 101 | 0 | @achi |
| 102 | @aCN@b110000 | |
| 105 | @ay z 000yy | |
| 106 | @ar | |
| 200 | 1 | @a油务化验@9you wu hua yan@f李华文主编 |
| 210 | @a北京@c中国电力出版社@d2012.06 | |
| 215 | @a192页@d26cm | |
| 300 | @a供电企业岗位技能培训教材/丁少军主编 | |
| 304 | @a山西省电力公司组编 | |
| 330 | @a本书根据油务化验岗位相关知识与技能要求进行编写。内容包括:概述、变压器油的质量控制与维护、变压器油中溶解气体分析及故障诊断、SF6气体在电气设备中的应用。每章后均附有复习思考题。 | |
| 606 | 0 | @a油质化验@x技术培训@j教材 |
| 606 | 0 | @a油质化验 |
| 690 | @aTE622@v5 | |
| 701 | 0 | @a李华文@9li hua wen@c(供电)@4主编 |
| 801 | 0 | @aCN@bNLC@c20120921 |
| 905 | @b546227-30@dTE622@e20@f4 | |
| 油务化验/李华文主编.-北京:中国电力出版社,2012.06 |
| 192页;26cm |
| 供电企业岗位技能培训教材/丁少军主编 |
| ISBN 978-7-5123-2820-4:CNY40.00 |
| 本书根据油务化验岗位相关知识与技能要求进行编写。内容包括:概述、变压器油的质量控制与维护、变压器油中溶解气体分析及故障诊断、SF6气体在电气设备中的应用。每章后均附有复习思考题。 |
| ● |
| 相关链接 |
|
|
|
|
正题名:油务化验
索取号:TE622/20
 
预约/预借
| 序号 | 登录号 | 条形码 | 馆藏地/架位号 | 状态 | 备注 |
| 1 | 546227 | 205462275 | 第二样本阅览室/ [索取号:TE622/20] | 在馆 | |
| 2 | 546228 | 205462284 | 密集书库-化学系/ [索取号:TE622/20] | 在馆 | |
| 3 | 546229 | 205462293 | 第三借阅区/ [索取号:TE622/20] | 在馆 | |
| 4 | 546230 | 205462300 | 第三借阅区/ [索取号:TE622/20] | 在馆 |